MARC

LEADER 00000nam a22000007a 4500
001 24837
003 AGDB
005 20260324181534.0
008 251003b it ||||| |||| 00| 0 ita d
100 |a Véronèse,   |d 1528-1588  |9 72412 
245 |a Gli affreschi di Maser /  |c Veronese 
260 |a Milano :   |b Valentino Bompiani ,  |c 1946 
300 |a 8 làmines (2 duplicats) :  |b il. col. ;  |c 35 cm 
500 |a Prové del fons Joan Junyer i Pascual (1909-1994) 
501 |a Serie di tavole a colori della rivista "Civiltà" 
600 0 |a Véronèse,   |d 1528-1588  |9 72412  |x Obres. Seleccions 
650 |a Fons Joan Junyer i Pascual (1909-1994)  |9 72777 
942 |2 udc  |c ARXIU  |n 1 
952 |0 0  |1 0  |2 udc  |4 0  |6 F50410  |7 1  |9 98390  |a Arxiu  |b Arxiu  |d 2025-10-03  |l 0  |o F-504-10  |p 24837  |r 2025-10-03 12:54:03  |w 2025-10-03  |y ARXIU 
999 |c 130144  |d 130144